Boccaccio in England, from Chaucer to Tennyson / (Record no. 25111)
[ view plain ]
| 000 -LEADER | |
|---|---|
| fixed length control field | 00690nam a2200217Ia 4500 |
| 008 - FIXED-LENGTH DATA ELEMENTS--GENERAL INFORMATION | |
| fixed length control field | 210303s9999 xx 000 0 und d |
| 016 ## - NATIONAL BIBLIOGRAPHIC AGENCY CONTROL NUMBER | |
| Source | reto2022b |
| 040 ## - CATALOGING SOURCE | |
| Original cataloging agency | NLN |
| Language of cataloging | English |
| 100 ## - MAIN ENTRY--AUTHOR | |
| Author | WRIGHT, Herbert Gladstone |
| Dates associated with a name | 1888 |
| Relator term | aut |
| 245 #0 - TITLE STATEMENT | |
| Title | Boccaccio in England, from Chaucer to Tennyson / |
| Statement of responsibility, etc | Herbert Gladstone Wright |
| 260 ## - PUBLICATION, DISTRIBUTION, ETC. (IMPRINT) | |
| Place of publication | N. J. : |
| Name of publisher | Essential Books, |
| Date of publication | 1957 |
| 300 ## - COLLATION | |
| Pagination | xiv, 495p. |
| Other physical details | ;24cm. |
| 500 ## - GENERAL NOTE | |
| General note | Bibliographical footnotes |
| 563 ## - BINDING INFORMATION | |
| Binding note | (pbk) |
| 650 ## - TRACINGS | |
| Main Subject | Boccaccio, Giovanni, 1313-1375 |
| Subdivision (1st) | Influence |
| 650 ## - TRACINGS | |
| Main Subject | English literature |
| Subdivision (1st) | History. & criticism |
| 942 ## - ADDED ENTRY ELEMENTS (KOHA) | |
| Item type | Books |
| 050 ## - LIBRARY OF CONGRESS CALL NUMBER | |
| Classification number | PQ4285 |
| Item number | .E5 |
| 082 ## - DEWEY DECIMAL CLASSIFICATION NUMBER | |
| Classification number | 858.109 |
| Withdrawn status | Lost status | Source of classification or shelving scheme | Damaged status | Not for loan | Home library | Current library | Date acquired | Total Checkouts | Full call number | Barcode. | Date last seen | Price effective from | Koha item type |
|---|---|---|---|---|---|---|---|---|---|---|---|---|---|
| Library of Congress Classification | LAGOS BRANCH | National Library of Nigeria | 04/03/2021 | PQ4285 .E5 | 2024-555555551001789 | 04/03/2021 | 04/03/2021 | Books |
